| 000 | 00377nam a2200145Ia 4500 | ||
|---|---|---|---|
| 008 | 230312s9999||||xx |||||||||||||| ||und|| | ||
| 020 | _a0-07-252362-1 | ||
| 082 |
_a621.3815 _bNEA-M |
||
| 100 | _aNeamen;Donald | ||
| 245 | 0 | _aMicroelectronics: Circuit Analysis and Design | |
| 260 |
_bMcGraw Hill _aUSA _c2007 |
||
| 300 | _a1370 | ||
| 650 |
_aEngineering _vAvionics |
||
| 942 | _cBK | ||
| 999 |
_c9592 _d9592 |
||